<?xml version="1.0" encoding="UTF-8"?>
<record
    xmlns:xsi="http://www.w3.org/2001/XMLSchema-instance"
    xsi:schemaLocation="http://www.loc.gov/MARC21/slim http://www.loc.gov/standards/marcxml/schema/MARC21slim.xsd"
    xmlns="http://www.loc.gov/MARC21/slim">

  <leader>00708nam a2200217 a 4500</leader>
  <controlfield tag="001">12270598</controlfield>
  <controlfield tag="003">OverDrive</controlfield>
  <controlfield tag="005">20260615040518.0</controlfield>
  <controlfield tag="008">260614s            o    000 0 en  d</controlfield>
  <datafield tag="020" ind1=" " ind2=" ">
    <subfield code="a">9780063419513</subfield>
  </datafield>
  <datafield tag="041" ind1="0" ind2=" ">
    <subfield code="a">en</subfield>
  </datafield>
  <datafield tag="100" ind1="1" ind2=" ">
    <subfield code="a">Sayed, Bobuq</subfield>
    <subfield code="e">author</subfield>
  </datafield>
  <datafield tag="245" ind1="1" ind2="0">
    <subfield code="a">No God but Us</subfield>
  </datafield>
  <datafield tag="264" ind1=" " ind2="1">
    <subfield code="b">HarperCollins</subfield>
    <subfield code="c">05/26/2026</subfield>
  </datafield>
  <datafield tag="336" ind1=" " ind2=" ">
    <subfield code="a">text</subfield>
    <subfield code="2">rdacontent</subfield>
  </datafield>
  <datafield tag="650" ind1=" " ind2="7">
    <subfield code="a">Fiction</subfield>
    <subfield code="2">overdrive</subfield>
  </datafield>
  <datafield tag="650" ind1=" " ind2="7">
    <subfield code="a">Literature</subfield>
    <subfield code="2">overdrive</subfield>
  </datafield>
  <datafield tag="650" ind1=" " ind2="7">
    <subfield code="a">LGBTQIA+ (Fiction)</subfield>
    <subfield code="2">overdrive</subfield>
  </datafield>
  <datafield tag="856" ind1="4" ind2="2">
    <subfield code="u">https://img1.od-cdn.com/ImageType-400/0293-1/{B6DA6615-0A5D-4F1A-850D-AF87680C2B0E}IMG400.JPG</subfield>
    <subfield code="z">Cover image</subfield>
  </datafield>
  <datafield tag="856" ind1="4" ind2="0">
    <subfield code="u">https://libbyapp.com/library/queerliblib/generated-1/page-1/12270598</subfield>
    <subfield code="y">Borrow on Libby</subfield>
  </datafield>
  <datafield tag="999" ind1=" " ind2=" ">
    <subfield code="c">1405</subfield>
    <subfield code="d">1405</subfield>
  </datafield>
</record>
